FC Bayern München Kader Saison 2014/2015 - Statistiken

Allgemein
  • Dieses Quiz wurde 136 mal gespielt
    95 seit der letzten Aktualisierung
  • Das Durchschnittsergebnis liegt bei 19 aus 31
Antwortstatistiken
Nummer Nation Spieler % Korrekt
1 Deutschland Manuel Neuer
100%
9 Polen Robert Lewandowski
95%
25 Deutschland Thomas Müller
95%
27 Österreich David Alaba
94%
10 Niederlande Arjen Robben
93%
7 Frankreich Franck Ribéry
93%
21 Deutschland Philipp Lahm
90%
6 Spanien Thiago
90%
31 Deutschland Bastian Schweinsteiger
87%
8 Spanien Javi Martinez
86%
17 Deutschland Jérome Boateng
85%
14 Peru Claudio Pizarro
83%
4 Brasilien Dante
81%
5 Marokko Medhi Benatia
78%
18 Spanien Juan Bernat
74%
23 Spanien Pepe Reina
72%
19 Deutschland Mario Götze
71%
28 Deutschland Holger Badstuber
69%
13 Brasilien Rafinha
66%
3 Spanien Xabi Alonso
65%
22 Deutschland Tom Starke
60%
37 USA Julian Green
49%
16 Deutschland Gianluca Gaudino
29%
20 Deutschland Sebastian Rode
28%
30 Deutschland Mitchell Weiser
21%
24 Deutschland Sinan Kurt
20%
- Österreich Ivan Lucic
14%
- Deutschland Lucas Scholl
12%
39 Deutschland Rico Strieder
8%
- Deutschland Lukas Görtler
7%
- Deutschland Leopold Zingerle
6%
Keine übereinstimmenden Quizze gefunden
Verteilung der Resultate
Anzahl Personen mit jedem Resultat
Perzentil nach korrekt beantworteten Fragen
Ihre Resultats-Entwicklung
Sie haben dieses Quiz seit der letzten Aktualisierung nicht gespielt